| 000 | 00417nam a2200169Ia 4500 | ||
|---|---|---|---|
| 008 | 230524s9999 xx 000 0 und d | ||
| 020 | _a9788120330122 | ||
| 082 |
_a669 _bRAG |
||
| 100 | _aV.Raghavan | ||
| 245 | 0 | _aPhysical Metallurgy: Principles and Practice | |
| 250 | _a2 | ||
| 260 |
_aNew Delhi _bPHI _c2012 |
||
| 300 | _a"vii,2032p;" | ||
| 500 | _aQuantity Number: 75 | ||
| 650 | _aMechanics | ||
| 942 | _cBK | ||
| 999 |
_c51675 _d51675 |
||